| 000 | 00678nam a22002177a 4500 | ||
|---|---|---|---|
| 003 | LK-CoDNM | ||
| 005 | 20241112095439.0 | ||
| 008 | 241015b |||||||| |||| 00| 0 eng d | ||
| 040 |
_aLK-CoDNM _dLK-CoDNM _eLK-CoDNM |
||
| 041 |
_asin _hEnglish |
||
| 080 |
_aප්ර.ස _b157 |
||
| 245 |
_aසුමග-1951 _b3 කාණ්ඩය 1 කලාපය |
||
| 260 |
_c1951 _aකොළඹ _bකැප්ටන් මුද්රණාලය |
||
| 300 | _b22p. ; 25 cm | ||
| 650 | _aසුමග-1951 | ||
| 650 | _a3 කාණ්ඩය 1 කලාපය | ||
| 650 | _aමාසික සගරාව | ||
| 650 | _aප්ර.ස 157 | ||
| 650 | _a1951 | ||
| 942 | _cBK | ||
| 999 |
_c229082 _d229082 |
||